Datum a čas kvízu

32 Celkem bodů Celkový počet nahraných bodů na tomto kvízu bez doplňovacích otázek.
6. Pořadí na kvízu Konečné umístění týmu na tomto kvízu.

Zaznamenané odpovědi

# Otázka Odpověď Body Výsledky
1. Vůz Škoda 1200 z roku 1955, pr... Jandera 0
2. Co neobvyklého přistálo ve čtv... C) kontejnerová loď 1
3. V pondělí nalezli francouzští... Jim Morrison 0
4. Kmen Marubo z Amazonského pral... C) na pornu 0
5. O víkendu se poblíž jednoho mě... Nové Město na Moravě 1
6. V tomto tématu se podíváme na... Robert Kennedy 0
7. Jak se jmenuje tento muž? Opět... Casey Affleck 0
8. Tentokrát nás zajímá příjmení... Hana Brejchová; Lásky jedné plavovlásky 0
9. Jak se jmenuje tento muž? Tent... Etzler; novinář 0
10. Napište jméno a příjmení tohot... Ralf Schumacher 1